Statistics for Management and Economics (Record no. 6307)

MARC details
000 -LEADER
fixed length control field 01060cam a22003014a 4500
001 - CONTROL NUMBER
control field 2630898
003 - CONTROL NUMBER IDENTIFIER
control field OSt
005 - DATE AND TIME OF LATEST TRANSACTION
control field 20190906102200.0
008 - FIXED-LENGTH DATA ELEMENTS--GENERAL INFORMATION
fixed length control field 990512s2000 caua bi 001 0 eng
010 ## - LIBRARY OF CONGRESS CONTROL NUMBER
LC control number 99030181
020 ## - INTERNATIONAL STANDARD BOOK NUMBER
International Standard Book Number 0495013390
040 ## - CATALOGING SOURCE
Original cataloging agency DLC
Transcribing agency DDC
Modifying agency DLC
042 ## - AUTHENTICATION CODE
Authentication code pcc
050 00 - LIBRARY OF CONGRESS CALL NUMBER
Classification number HD30.215
Item number .K45 2000
082 00 - DEWEY DECIMAL CLASSIFICATION NUMBER
Classification number 310KEL 2005
100 1# - MAIN ENTRY--PERSONAL NAME
Personal name Keller, Gerald;
9 (RLIN) 2668
245 10 - TITLE STATEMENT
Title Statistics for Management and Economics
250 ## - EDITION STATEMENT
Edition statement 7th ed.
260 ## - PUBLICATION, DISTRIBUTION, ETC. (IMPRINT)
Place of publication, distribution, etc. Austraria.
Name of publisher, distributor, etc. Thomson Brooks /Cole.
Date of publication, distribution, etc. 2005.
300 ## - PHYSICAL DESCRIPTION
Extent xx,848p;
Other physical details col. ill. ;
Dimensions 27 cm. +
504 ## - BIBLIOGRAPHY, ETC. NOTE
Bibliography, etc Includes appendix and index.
538 ## - SYSTEM DETAILS NOTE
System details note System requirements for accompanying computer disc: Windows 98, 95, and Windows NT 3.5.1 or higher ; Power Macintosh or later, OS 7.5 or higher.
650 #0 - SUBJECT ADDED ENTRY--TOPICAL TERM
Topical term or geographic name as entry element Statistics
9 (RLIN) 2669
650 #0 - SUBJECT ADDED ENTRY--TOPICAL TERM
Topical term or geographic name as entry element Management
9 (RLIN) 364
906 ## - LOCAL DATA ELEMENT F, LDF (RLIN)
a 7
b cbc
c orignew
d 1
e ocip
f 19
g y-gencatlg
942 ## - ADDED ENTRY ELEMENTS (KOHA)
Source of classification or shelving scheme Dewey Decimal Classification
Koha item type Open Shelf
Holdings
Withdrawn status Lost status Source of classification or shelving scheme Damaged status Not for loan Home library Current library Date acquired Source of acquisition Inventory number Total Checkouts Full call number Barcode Date last seen Price effective from Koha item type
    Dewey Decimal Classification     MUST Main Library MUST Main Library 06/09/2019 Purchase 06/28253   310KEL 2005 2019-0413 06/09/2019 06/09/2019 Open Shelf
    Dewey Decimal Classification     MUST Main Library MUST Main Library 29/01/2020 Purchase 06/28252   310KEL 2005 2020-0206 29/01/2020 29/01/2020 Open Shelf